[Event "AUTO-ADV-4925"]
[Site "http://www.queenalice.com/game.php?id=1870674"]
[Date "2026.3.19"]
[Round "1"]
[White "marcoswerneck"]
[Black "Daniel1962"]
[Result "1-0"]
[WhiteElo "1838"]
[BlackElo "1777"]

1. e4 e6 2. e5 Nc6 3. d4 Nge7 4. Nf3 Nf5 5. c3 f6 6. Be2 fxe5 7. dxe5 Bc5 8. Bg5
Nce7 9. b4 Bb6 10. Nbd2 h6 11. Bxe7 Qxe7 12. a4 a6 13. Nc4 Ba7 14. O-O g5 15. h3
h5 16. Nd4 g4 17. Nxf5 exf5 18. Kh2 f4 19. g3 fxg3+ 20. fxg3 gxh3 21. Bxh5+ Kd8
22. Bg4 Qh7 23. e6 Qe4 24. e7+ Qxe7 25. Re1 Qg7 26. Qf3 c6 27. Nd6 Bb8 28. Nf7+
Kc7 29. Nxh8 Qxh8 30. a5 d6 31. Qf7+ Bd7 32. Qxd7# 1-0

[Event "AUTO-ADV-4925"]
[Site "http://www.queenalice.com/game.php?id=1870675"]
[Date "2026.3.19"]
[Round "1"]
[White "Daniel1962"]
[Black "marcoswerneck"]
[Result "1-0"]
[WhiteElo "1755"]
[BlackElo "1858"]

1. e4 e5 2. Nf3 d6 3. Bc4 h6 4. d4 Bg4 5. h3 exd4 6. hxg4 g5 7. Qxd4 Rh7 8. e5
Nc6 9. Qe4 Rg7 10. exd6+ Be7 11. dxe7 Ngxe7 12. Rxh6 Kd7 13. Bxg5 Qf8 14. Nc3
Re8 15. Qd3+ Kc8 16. Kf1 Kb8 17. Bxe7 Rxe7 18. Rd1 a6 19. Bxa6 Rxg4 20. Bxb7
Qxh6 21. Bxc6 Qh1+ 22. Ng1 Qxg2+ 23. Bxg2 1-0